Loading...
| Literature - American | 0 | 8 | 1 | 1 | 75 | 30 | 80.38 | 6 | 8 | 0.00 | 0.00 |
| Fine Arts - Visual | 0 | 7 | 0 | 1 | 70 | 38 | 86.14 | 2 | 7 | 0.00 | 0.00 |
| Philosophy | 0 | 6 | 0 | 1 | 60 | 71 | 91.17 | 1 | 6 | 0.00 | 0.00 |
| History - American | 0 | 6 | 1 | 2 | 55 | 55 | 88.17 | 2 | 6 | 0.00 | 0.00 |
| Fine Arts - Other | 0 | 5 | 0 | 2 | 50 | 102 | 127.80 | 1 | 5 | 0.00 | 0.00 |
| Literature - European | 0 | 4 | 0 | 0 | 40 | 79 | 95.00 | 1 | 4 | 0.00 | 0.00 |
| Fine Arts - Classical Music | 0 | 3 | 0 | 0 | 30 | 43 | 54.33 | 2 | 3 | 0.00 | 0.00 |
| History - Other | 0 | 3 | 0 | 1 | 30 | 53 | 79.00 | 1 | 3 | 0.00 | 0.00 |
| Mythology | 0 | 3 | 1 | 0 | 25 | 44 | 63.00 | 2 | 3 | 0.00 | 0.00 |
| Literature - British | 0 | 3 | 1 | 1 | 25 | 55 | 96.33 | 0 | 3 | 0.00 | 0.00 |
| Science - Other | 0 | 2 | 0 | 0 | 20 | 59 | 70.00 | 1 | 2 | 0.00 | 0.00 |
| History - European | 0 | 2 | 0 | 2 | 20 | 125 | 125.50 | 0 | 2 | 0.00 | 0.00 |
| History - World | 0 | 2 | 1 | 1 | 15 | 56 | 95.50 | 0 | 2 | 0.00 | 0.00 |
| Literature - World/Other | 0 | 2 | 1 | 0 | 15 | 81 | 88.50 | 1 | 2 | 0.00 | 0.00 |
| Religion | 0 | 1 | 0 | 0 | 10 | 89 | 89.00 | 1 | 1 | 0.00 | 0.00 |
| Geography/Current Events | 0 | 1 | 0 | 0 | 10 | 44 | 44.00 | 1 | 1 | 0.00 | 0.00 |
| Social Science | 0 | 1 | 0 | 0 | 10 | 90 | 90.00 | 0 | 1 | 0.00 | 0.00 |